Symbolic logic

שמור ב:
מידע ביבליוגרפי
מחבר ראשי: Copi, Irving
פורמט: ספר
שפה:Undetermined
יצא לאור: New York, Estados Unidos McMillan 1979
מהדורה:5
נושאים:
תגים: הוספת תג
אין תגיות, היה/י הראשונ/ה לתייג את הרשומה!

MARC

LEADER 00000nam a2200000Ia 4500
008 170316s9999 xx 000 0 und d
090 |a 100 C-40.1s 
100 |a Copi, Irving 
245 |a Symbolic logic 
250 |a 5 
260 |a New York, Estados Unidos 
260 |b McMillan 
260 |c 1979 
300 |a 398 páginas 
650 |a FILOSOFÍA 
999 |c 15929  |d 15929 
040 |a cru BVZT 
942 |c 15 D  |h 100 C-40.1s  |2 z